000 00483nam a2200193Ia 4500
005 20250326141444.0
008 250326s9999 xx 000 0 und d
037 _aTextbook
040 _aFMSL
_beng
_cFMSL
041 _aeng
_2eng
084 _qFMSL
100 _aNABHI'S
245 0 _aHow to Borrow from ficial banking institution
_cNABHI'S
250 _a2
260 _aNew Delhi
_bNew Delhi, Nabhi
_c1990
300 _a730p
942 _cTB
999 _c1290395
_d1290395